000 00357nam a2200145Ia 4500
100 _aBalagurusamy/ E.& sushila B.
942 _cRB
654 _aThe waite group
245 _aComputer systems & applications the waite group
260 _bTata Mc Graw hill
_aNew Delhi
_c1990
082 _a1.64
_bI.C.C
300 _a664
546 _aENGLISH
999 _c34671
_d34671